Suomen valtioneuvokset - Statistics

Yleistilastot
  • Tätä visaa on pelattu 64 kertaa
    24 viimeisimmän päivityksen jälkeen
  • Keskiarvotulos 5 / 9
Vastaustilastot
Myöntämisvuosi Henkilö Puolue % Oikein
1989 Johannes Virolainen Keskusta
90%
2024 Matti Vanhanen Keskusta
90%
1998 Harri Holkeri Kokoomus
85%
1930 Juho Kusti Paasikivi Kokoomus
60%
1969 Karl-August Fagerholm SDP
45%
1977 Martti Miettunen Keskusta
45%
2004 Riitta Uosukainen Kokoomus
40%
1934 Eemil Nestor Setälä Kokoomus
20%
1948 Eero Yrjö Pehkonen Maalaisliitto
5%
Ehtoja vastaavia visoja ei löytynyt
Tulosjakauma
Jokaisen tuloksen saaneiden osuus
Persentiili vastausten määrän mukaan
Tuloshistoriasi
Et ole pelannut tätä visaa sen viimeisimmän päivityksen jälkeen